UM Logo

War, peace and international politics/ (Record no. 6859)

MARC details
000 -LEADER
fixed length control field 00655nam a2200193 4500
008 - FIXED-LENGTH DATA ELEMENTS--GENERAL INFORMATION
fixed length control field 170509b xxu||||| |||| 00| 0 eng d
020 ## - INTERNATIONAL STANDARD BOOK NUMBER
International Standard Book Number 0-673-52023-4
082 ## - DEWEY DECIMAL CLASSIFICATION NUMBER
Edition number 1990
Classification number DC 327.0904
Item number Z3
100 ## - MAIN ENTRY--PERSONAL NAME
9 (RLIN) 20756
Personal name Ziegler, David W.
245 ## - TITLE STATEMENT
Title War, peace and international politics/
Statement of responsibility, etc. David W. Ziegler.
250 ## - EDITION STATEMENT
Edition statement Fifth Edition
260 ## - PUBLICATION, DISTRIBUTION, ETC. (IMPRINT)
Place of publication, distribution, etc. Glenview, Illinois:
Name of publisher, distributor, etc. Scott, Foresman/Little Brown Higher Education,
Date of publication, distribution, etc. c1990.
300 ## - PHYSICAL DESCRIPTION
Extent 561 pages;
Dimensions 23 cm
500 ## - GENERAL NOTE
General note Includes bibliographical references and index.
650 #0 - SUBJECT ADDED ENTRY--TOPICAL TERM
9 (RLIN) 20757
Topical term or geographic name as entry element International relations
650 #0 - SUBJECT ADDED ENTRY--TOPICAL TERM
9 (RLIN) 20758
Topical term or geographic name as entry element War (International law)
650 #0 - SUBJECT ADDED ENTRY--TOPICAL TERM
9 (RLIN) 20759
Topical term or geographic name as entry element Peace
942 ## - ADDED ENTRY ELEMENTS (KOHA)
Source of classification or shelving scheme Dewey Decimal Classification
Koha item type Circulation
Holdings
Withdrawn status Lost status Source of classification or shelving scheme Damaged status Not for loan Collection code Home library Current library Date acquired Total Checkouts Full call number Barcode Date last seen Copy number Price effective from Koha item type
    Dewey Decimal Classification     Circulation UM Digos College - LIC UM Digos College - LIC     DC 327.0904 Z3 1990 11681 06/08/2021 1 05/09/2017 Circulation